[Event "Sonora op 2nd"]
[Site "Sonora"]
[Date "2024.06.16"]
[Round "6"]
[White "Fontoura, Alexandre Souza"]
[Black "Wedekim Jodai, Jorge Luiz Yasuji"]
[Result "1-0"]
[WhiteElo "1878"]
[BlackElo "1800"]
[PlyCount "35"]
[EventDate "2024.06.13"]
[EventType "swiss"]
[EventRounds "6"]
[EventCountry "BRA"]
[SourceTitle "CB26_2024"]
[SourceDate "2024.06.26"]
[SourceVersion "1"]
[SourceVersionDate "2024.06.26"]
[SourceQuality "1"]

1. c4 g6 2. g3 Nf6 3. Bg2 Bg7 4. Nc3 0-0 5. d4 d6 6. Nf3 c5 7. 0-0 a6 8. d5 e6 9. a4 exd5 10. cxd5 Bg4 11. Nd2 Qc8 12. Nc4 Qc7 13. Bf4 Nh5 14. Bxd6 Qd8 15. Bxf8 Bxf8 16. a5 Nd7 17. h3 Bf5 18. e4 1-0

[Event "Sonora op 2nd"]
[Site "Sonora"]
[Date "2024.06.14"]
[Round "2"]
[White "Wedekim Jodai, Jorge Luiz Yasuji"]
[Black "Samaniego, Diego Pinheiro"]
[Result "0-1"]
[WhiteElo "1800"]
[BlackElo "1885"]
[PlyCount "90"]
[EventDate "2024.06.13"]
[EventType "swiss"]
[EventRounds "6"]
[EventCountry "BRA"]
[SourceTitle "CB26_2024"]
[SourceDate "2024.06.26"]
[SourceVersion "1"]
[SourceVersionDate "2024.06.26"]
[SourceQuality "1"]

1. e4 c5 2. Nf3 d6 3. d4 cxd4 4. Nxd4 Nf6 5. Nc3 g6 6. Be3 Bg7 7. f3 0-0 8. Qd2 Nc6 9. g4 Be6 10. Nxe6 fxe6 11. 0-0-0 d5 12. exd5 Nxd5 13. Nxd5 exd5 14. Qxd5+ Qxd5 15. Rxd5 Rxf3 16. Bd2 Raf8 17. Bc4 Kh8 18. Be1 Ne5 19. Bb5 Nxg4 20. Be2 R3f4 21. Bg3 Re4 22. Bxg4 Rxg4 23. Rd7 Rb4 24. c3 Re4 25. Kc2 Re2+ 26. Kb3 b5 27. Rxa7 b4 28. Re1 Rxe1 29. Bxe1 bxc3 30. bxc3 Be5 31. Rxe7 Bxh2 32. c4 Kg8 33. Bc3 Rf7 34. Re8+ Rf8 35. Re7 Rf7 36. Re8+ Rf8 37. Re2 Bd6 38. Re6 Rb8+ 39. Ka4 Bf8 40. Ka5 g5 41. Rb6 Ra8+ 42. Ra6 Rc8 43. Bb4 Rxc4 44. Ra8 Rf4 45. Bd2 Rf3 0-1